Contemporary political sociology : Globalization, politics and power (Record no. 41999)

MARC details
000 -LEADER
fixed length control field 00345nam a2200121Ia 4500
020 ## - INTERNATIONAL STANDARD BOOK NUMBER
ISBN 0631206612
082 ## - DEWEY DECIMAL CLASSIFICATION NUMBER
Classification number 316.334.3
Item number NAS
100 ## - MAIN ENTRY--AUTHOR NAME
Personal name Nash, Kate
245 #0 - TITLE STATEMENT
Title Contemporary political sociology : Globalization, politics and power
260 ## - PUBLICATION, DISTRIBUTION, ETC. (IMPRINT)
Place of publication USA
Name of publisher Blackwell Publishers
Year of publication 2000
942 ## - ADDED ENTRY ELEMENTS (KOHA)
Koha item type Books
Holdings
Withdrawn status Lost status Damaged status Not for loan Home library Current library Date acquired Cost, normal purchase price Full call number Accession Number Koha item type
        RRII Library RRII Library 16/12/2021 16.99 316.334.3 NAS 22279 Books